| 000 | 01839cam a2200481 a 4500 | ||
|---|---|---|---|
| 001 | 21512 | ||
| 003 | VRT | ||
| 005 | 20260303142942.0 | ||
| 008 | 200316s1956 xo a j 000 0 slo | ||
| 015 | _aSNBA1956/11-01452 | ||
| 035 | _aSK01SNK19560033579 | ||
| 035 | _aurn:nbn:sk:snk-am3i3mp | ||
| 035 | _a03AF3210-AEA8-4517-AFC4-EDD1FD38AEDF | ||
| 035 | _aurn:nbn:sk:snk-am00dir7 | ||
| 035 | _aSKM000036042 | ||
| 039 | 9 |
_a202008101311 _bAUTHORITY _c202003160943 _dVLOAD _c201908051324 _dmsnk123 _c201908051323 _dmsnk123 |
|
| 040 |
_aSNK _bslo _cSNK _eAACR2 |
||
| 041 | 1 |
_aslo _hrus |
|
| 044 |
_axo _cSK |
||
| 080 |
_a5:087.5(084.1) _21981 |
||
| 080 |
_a82-93 _22001 |
||
| 100 | 1 |
_aVerzilin, Nikolaj Michajlovič, _d1903-1984 _4aut |
|
| 240 | 1 | 0 |
_aPo sledam Robinsona _lSlovensky |
| 245 | 1 | 0 |
_aPo stopách Robinsona _cN. Verzilin ; z rus. orig. Po sledam Robinsona prel. Peter Ždán ; verše prebásnil Ivan Mojík ; fareb. vložky Ester Šimerovej-Martinčekovej ; perokresby L. Miloradoviča a V.L. Petrova z pôv. vyd. |
| 250 | _a1. vydanie | ||
| 260 |
_aBratislava _bSlovenské nakladateľstvo detskej knihy _c1956 _eMartin _fSeveroslovenské tlačiarne |
||
| 300 |
_a272, [7] s., [7] fareb. obr. príl. _bilustrácie _c8° |
||
| 366 | _e5400 kusov | ||
| 490 | 1 | _aKnižnica náučnej literatúry | |
| 500 | _aPoznámky | ||
| 650 | 0 | 7 |
_apríroda _2SNKPH |
| 650 | 0 | 7 |
_aliteratúra pre mládež _2SNKPH |
| 655 | 7 |
_apríručky _2SNKPH |
|
| 700 | 1 |
_aŽdán, Peter, _d1919-1991 _4trl |
|
| 700 | 1 |
_aMojík, Ivan, _d1928-2007 _4trl |
|
| 700 | 1 |
_aŠimerová-Martinčeková, Ester, _d1909-2005 _4ill |
|
| 700 | 1 |
_aMiloradovič, L. _4ill |
|
| 700 | 1 |
_aPetrov, V.L. _4ill |
|
| 830 | 0 | _aKnižnica náučnej literatúry | |
| 910 | _akis3gmm | ||
| 942 |
_2ddc _cKLDE _n0 |
||
| 949 |
_617A0797172 _asnkSC 8577 _bsnkKSP 3276/56 _s6100:20190730 |
||
| 999 |
_c21512 _d21512 |
||